LIBRARY & INFORMATION CENTRE, KCAET, TAVANUR

ONLINE PUBLIC ACCESS CATALOGUE (OPAC)

Olavum Theeravum (Record no. 15771)

MARC details
000 -LEADER
fixed length control field 00220nam a22000977a 4500
003 - CONTROL NUMBER IDENTIFIER
control field OSt
008 - FIXED-LENGTH DATA ELEMENTS--GENERAL INFORMATION
fixed length control field 191015b ||||| |||| 00| 0 eng d
100 ## - MAIN ENTRY--AUTHOR NAME
Personal name Vasudevan Nair, M T.
245 ## - TITLE STATEMENT
Title Olavum Theeravum
942 ## - ADDED ENTRY ELEMENTS (KOHA)
Koha item type Books
Holdings
Withdrawn status Lost status Damaged status Home library Current library Date acquired Cost, normal purchase price Accession Number Koha item type
Withdrawn   Damaged KAUAET KAUAET 15/10/2019 1.50 58 Books
Withdrawn   Damaged KAUAET KAUAET 16/01/2021   1596 Books
free website counter